<?xml version="1.0" encoding="UTF-8"?>
<record
    xmlns:xsi="http://www.w3.org/2001/XMLSchema-instance"
    xsi:schemaLocation="http://www.loc.gov/MARC21/slim http://www.loc.gov/standards/marcxml/schema/MARC21slim.xsd"
    xmlns="http://www.loc.gov/MARC21/slim">

  <leader>01286nam a22002057a 4500</leader>
  <controlfield tag="003">OSt</controlfield>
  <controlfield tag="005">20201016135333.0</controlfield>
  <controlfield tag="008">201008b       2014   a 00| 0 eng d</controlfield>
  <datafield tag="020" ind1=" " ind2=" ">
    <subfield code="a">9789945004380</subfield>
  </datafield>
  <datafield tag="040" ind1=" " ind2=" ">
    <subfield code="a">DO-SdBNP</subfield>
    <subfield code="b">spa</subfield>
    <subfield code="c">BNPHU</subfield>
  </datafield>
  <datafield tag="100" ind1="1" ind2=" ">
    <subfield code="a">Vega, Odalis ,</subfield>
    <subfield code="d">1987-</subfield>
    <subfield code="9">76808</subfield>
  </datafield>
  <datafield tag="245" ind1=" " ind2=" ">
    <subfield code="a">Crimen de un periodista :</subfield>
    <subfield code="b">lo que nunca se supo...</subfield>
    <subfield code="c">Odalis  Marcelino Encarnaci&#xF3;n Vega , pr&#xF3;logo  Silvio Herasme Pe&#xF1;a</subfield>
  </datafield>
  <datafield tag="260" ind1=" " ind2=" ">
    <subfield code="a">Santo Domingo :</subfield>
    <subfield code="b">Conadex SRL</subfield>
    <subfield code="c">2014</subfield>
  </datafield>
  <datafield tag="300" ind1=" " ind2=" ">
    <subfield code="a">157 p. :</subfield>
    <subfield code="b">il., retrs.</subfield>
    <subfield code="c">22 cm. </subfield>
  </datafield>
  <datafield tag="500" ind1=" " ind2=" ">
    <subfield code="a">Incluye datos biogr&#xE1;ficos del autor en la contracubierta.</subfield>
  </datafield>
  <datafield tag="504" ind1=" " ind2=" ">
    <subfield code="a">Bibliograf&#xED;a : p. 157</subfield>
  </datafield>
  <datafield tag="505" ind1=" " ind2=" ">
    <subfield code="a">Nota preliminar --</subfield>
    <subfield code="t">A la memoria --</subfield>
    <subfield code="t">Presentaci&#xF3;n --</subfield>
    <subfield code="t">Salutaci&#xF3;n --</subfield>
    <subfield code="t">Pr&#xF3;logo --</subfield>
    <subfield code="t">Prefacio --</subfield>
    <subfield code="t">Antecedentes --</subfield>
    <subfield code="t">Ingreso a los medios --</subfield>
    <subfield code="t">El ascenso --</subfield>
    <subfield code="t">Noviazgo --</subfield>
    <subfield code="t">Trabajo period&#xED;sticos --</subfield>
    <subfield code="t">El inicio  del fin --</subfield>
    <subfield code="t">Lleg&#xF3; la hora --</subfield>
    <subfield code="t">La muerte se acerca --</subfield>
    <subfield code="t">El martirio --</subfield>
    <subfield code="t">El &#xFA;ltimo adi&#xF3;s --</subfield>
    <subfield code="t">La comisi&#xF3;n -- </subfield>
    <subfield code="t">Conmoci&#xF3;n nacional --</subfield>
    <subfield code="t">La impresi&#xF3;n la mat&#xF3; --</subfield>
    <subfield code="t">&#xBF;Por qu&#xE9; mataron a Marcelino? --</subfield>
    <subfield code="t">&#xBF;Quien era el Canillita? --</subfield>
    <subfield code="t">La noticia </subfield>
    <subfield code="t">Historia del Club  Marcelino Vega --</subfield>
    <subfield code="t">In  memorian a Marcelino Vega --</subfield>
    <subfield code="t">Cronolog&#xED;a  de lo hechos --</subfield>
    <subfield code="t">Ap&#xE9;ndices --</subfield>
    <subfield code="t">Bibliograf&#xED;a --</subfield>
  </datafield>
  <datafield tag="700" ind1=" " ind2=" ">
    <subfield code="a">Herasme Pe&#xF1;a, Silvio,</subfield>
    <subfield code="e"> pr&#xF3;logo</subfield>
    <subfield code="9">49757</subfield>
  </datafield>
  <datafield tag="942" ind1=" " ind2=" ">
    <subfield code="2">ddc</subfield>
    <subfield code="c">LF1</subfield>
  </datafield>
  <datafield tag="952" ind1=" " ind2=" ">
    <subfield code="0">0</subfield>
    <subfield code="1">0</subfield>
    <subfield code="2">ddc</subfield>
    <subfield code="7">0</subfield>
    <subfield code="8">MO</subfield>
    <subfield code="a">PD</subfield>
    <subfield code="b">PD</subfield>
    <subfield code="c">CT</subfield>
    <subfield code="d">2020-10-08</subfield>
    <subfield code="e">Hip&#xF3;ito Carrasco</subfield>
    <subfield code="l">0</subfield>
    <subfield code="r">2020-10-08</subfield>
    <subfield code="w">2020-10-08</subfield>
    <subfield code="y">LF1</subfield>
  </datafield>
  <datafield tag="999" ind1=" " ind2=" ">
    <subfield code="c">48848</subfield>
    <subfield code="d">48848</subfield>
  </datafield>
</record>
